| 000 | 00497nam a22001937a 4500 | ||
|---|---|---|---|
| 003 | LK-CoDNM | ||
| 005 | 20250107105251.0 | ||
| 008 | 250107b |||||||| |||| 00| 0 eng d | ||
| 040 |
_aLK-CoDNM _dLK-CoDNM _eLK-CoDNM |
||
| 041 | _aeng | ||
| 080 |
_a4 _bG12 |
||
| 100 | _aFerguson,W.M,F.L.S | ||
| 245 | _aReptile Fauna of Ceylon | ||
| 260 |
_aColombo _bWilliam Henry Herbbet ,Government Printee ,Ceylon _c1877 |
||
| 300 | _a42p ; 21 cm | ||
| 650 | _aScience | ||
| 650 | _a4 G12 | ||
| 942 | _cBK | ||
| 999 |
_c235210 _d235210 |
||